000 00526 a2200145 4500
999 _c4305
_d4305
020 _a9780335198412
050 _aLB2900.5CRA1997
245 _aLeadership and teams in educational management /
_cedited by Megan Crawford; Lesley Kydd; Colin R Riches
264 _aBuckingham [England] :
_bOpen University Press,
_c1997
300 _a196p. :
500 _aincludes index
650 _aEducational leadership -- Great Britain.
650 _aschool management and organization -- Great Britain.
942 _2lcc
_cBK
_h2900.5
_iCRA
_kLB